In the beginning was the deed realism and moralism in political argument /

Saved in:
Bibliographic Details
Main Author: Williams, Bernard Arthur Owen
Corporate Author: ebrary, Inc
Other Authors: Hawthorn, Geoffrey
Format: Electronic eBook
Language:English
Published: Princeton, NJ ; Woodstock : Princeton University Press, 2008.
Subjects:
Online Access:An electronic book accessible through the World Wide Web; click to view
Tags: Add Tag
No Tags, Be the first to tag this record!

MARC

LEADER 00000nam a2200000Ia 4500
001 0000108259
005 20171002055652.0
006 m u
007 cr cn|||||||||
008 070920s2008 nju sb 001 0 eng d
020 |z 9780691134109 (pbk.) 
020 |z 0691134103 (pbk.) 
035 |a (CaPaEBR)ebr10284177 
035 |a (OCoLC)336603664 
040 |a CaPaEBR  |c CaPaEBR 
050 1 4 |a JA71  |b .W46 2008eb 
100 1 |a Williams, Bernard Arthur Owen. 
245 1 0 |a In the beginning was the deed  |h [electronic resource] :  |b realism and moralism in political argument /  |c Bernard Williams ; selected, edited, and with an introduction by Geoffrey Hawthorn. 
260 |a Princeton, NJ ;  |a Woodstock :  |b Princeton University Press,  |c 2008. 
300 |a xx, 174 p. 
500 |a Originally published: 2005. 
504 |a Includes bibliographical references and index. 
533 |a Electronic reproduction.  |b Palo Alto, Calif. :  |c ebrary,  |d 2009.  |n Available via World Wide Web.  |n Access may be limited to ebrary affiliated libraries. 
650 0 |a Political science  |x Philosophy. 
650 0 |a Political ethics. 
655 7 |a Electronic books.  |2 local 
700 1 |a Hawthorn, Geoffrey. 
710 2 |a ebrary, Inc. 
856 4 0 |u http://site.ebrary.com/lib/daystar/Doc?id=10284177  |z An electronic book accessible through the World Wide Web; click to view 
908 |a 170314 
942 0 0 |c EB 
999 |c 97409  |d 97409